[Event "SJNR-ch U18"]
[Site "Kranenburg"]
[Date "2005.01.05"]
[Round "5"]
[White "Van Orsouw, Niclas"]
[Black "Memili, Sinan"]
[Result "1-0"]
[WhiteElo "1806"]
[BlackElo "1396"]
[PlyCount "29"]
[EventDate "2005.01.02"]
[EventType "swiss"]
[EventRounds "7"]
[EventCountry "GER"]
[SourceTitle "EXT 2007"]
[Source "ChessBase"]
[SourceDate "2006.11.23"]
[SourceVersion "1"]
[SourceVersionDate "2006.11.23"]
[SourceQuality "1"]

1. e4 c5 2. Nc3 Nc6 3. g3 g6 4. Bg2 Bg7 5. d3 e6 6. Be3 d6 7. Qd2 Nge7 8. Nf3 a6 9. Bh6 0-0 10. h4 b5 11. h5 b4 12. hxg6 Bxc3 13. gxh7+ Kh8 14. bxc3 Re8 15. Bg7+ 1-0

[Event "SJNR-ch U18"]
[Site "Kranenburg"]
[Date "2005.01.03"]
[Round "2"]
[White "Cheraghi, Schayan"]
[Black "Memili, Sinan"]
[Result "1-0"]
[WhiteElo "1836"]
[BlackElo "1396"]
[PlyCount "53"]
[EventDate "2005.01.02"]
[EventType "swiss"]
[EventRounds "7"]
[EventCountry "GER"]
[SourceTitle "EXT 2007"]
[Source "ChessBase"]
[SourceDate "2006.11.23"]
[SourceVersion "1"]
[SourceVersionDate "2006.11.23"]
[SourceQuality "1"]

1. e4 c5 2. Nf3 d6 3. d4 cxd4 4. Nxd4 Nf6 5. Nc3 a6 6. Be2 e5 7. Nb3 Be7 8. 0-0 0-0 9. Be3 b5 10. a3 Bb7 11. Bf3 Nbd7 12. Qe2 Qc7 13. Rfd1 Rfd8 14. Nd2 Rac8 15. Nf1 Nc5 16. Ng3 Bc6 17. b4 Ncxe4 18. Ncxe4 Bxe4 19. Nxe4 Qxc2 20. Qxc2 Rxc2 21. Nxf6+ Bxf6 22. Bb7 e4 23. Rac1 Ra2 24. Bxa6 Rxa3 25. Bxb5 Bc3 26. Bc5 Be5 27. Bxd6 1-0

[Event "SJNR-ch U18"]
[Site "Kranenburg"]
[Date "2005.01.02"]
[Round "1"]
[White "Memili, Sinan"]
[Black "Verbeet, Richard"]
[Result "0-1"]
[WhiteElo "1396"]
[BlackElo "1801"]
[PlyCount "134"]
[EventDate "2005.01.02"]
[EventType "swiss"]
[EventRounds "7"]
[EventCountry "GER"]
[SourceTitle "EXT 2007"]
[Source "ChessBase"]
[SourceDate "2006.11.23"]
[SourceVersion "1"]
[SourceVersionDate "2006.11.23"]
[SourceQuality "1"]

1. d4 Nf6 2. Nf3 d6 3. Nc3 g6 4. e4 Bg7 5. Be2 Bg4 6. 0-0 0-0 7. Be3 Nc6 8. Qd2 Bxf3 9. Bxf3 e5 10. d5 Ne7 11. Ne2 Nd7 12. g4 Nb6 13. Qb4 Kh8 14. a4 f5 15. c4 Nd7 16. Qxb7 fxe4 17. Bxe4 Nf6 18. f3 Rb8 19. Qxa7 Qd7 20. Bg5 Nxe4 21. Bxe7 Qxe7 22. fxe4 Qg5 23. Rxf8+ Rxf8 24. Rf1 Qxg4+ 25. Ng3 Rc8 26. a5 h5 27. Kf2 h4 28. a6 hxg3+ 29. hxg3 Rf8+ 30. Kg2 Qxe4+ 31. Kg1 Re8 32. Qb7 Qd4+ 33. Kg2 Qb6 34. Qxb6 cxb6 35. a7 Kg8 36. Ra1 Ra8 37. Ra6 Bf8 38. b4 Kf7 39. Kf3 Ke7 40. Rxb6 Rxa7 41. c5 dxc5 42. bxc5 Kf7 43. d6 Ke6 44. Rc6 Ra4 45. Rc8 Ra3+ 46. Kg4 Bxd6 47. cxd6 Kxd6 48. Rg8 Kd5 49. Rxg6 e4 50. Kf4 Rf3+ 51. Kg4 Kd4 52. Re6 Rf1 53. Ra6 Rf2 54. Ra3 e3 55. Ra4+ Kd3 56. Ra3+ Kd2 57. Ra2+ Kc1 58. Ra1+ Kb2 59. Re1 e2 60. Kg5 Kc2 61. Ra1 Rf1 62. Ra2+ Kd3 63. Ra3+ Kd2 64. Ra2+ Ke3 65. Rxe2+ Kxe2 66. g4 Ke3 67. Kg6 Kf4 0-1